LEADER 01326nam a2200289 i 4500 001 000000343077 003 CaOOAMICUS 005 20201124112803.0 008 201124s2012 ne u000 u ger u 013 $a238029 020 $a978-2-503-54334-5 040 $aSeMil$bita 100 1 $aBelethus, Joannes .$0(OLS)http://semarc/name/3587 240 10$aSumma de ecclesiasticis officiis.$0(OLS)http://semarc/title/432040 245 10$aSumme der Kirchlichen Offizien /$cJohannes Beleth ; Einleitung, Übersetzung und Anmerkungen von Lorenz Weinrich. 264 1$aTurnhout :$bBrepols,$c2012. 300 $a130 p. ;$c26 cm 504 $aBibliographie, p. 29-38 700 1 $aWeinrich, Lorenz,$d<1929- >.$0(OLS)http://semarc/name/65219 765 0 $aBelethus, Joannes $tIohannis Beleth Summa de ecclesiasticis officiis.$dTurnholti : Brepols, 1976.$w()6917 830 0$aCorpus christianorum in translation ;$v11.$0(OLS)http://semarc/title/9239 850 $aSeMil 852 $aSeMil$W1$xVenegono$y1$m2TA K 11$j222577$B234056$CSeMilBibl$Z2$F234056 $81 996 $6020$a978-2-503-54334-5$9(OLS)http://semarc/number/291700 996 $6245$aSumme der Kirchlichen Offizien$9(OLS)http://semarc/title/432039 996 $6264$aTurnhout :$bBrepols$9(OLS)http://semarc/publisher/29626 LEADER 00870nam a2200193 i 4500 001 000000204789 003 CaOOAMICUS 005 20110805000000.0 008 110805s1797 it u000 u ita u 013 $a183517 026 $a81ta o-un miti (b(a (3) 1797 (A) 040 $aSeMil$bita 245 10$aTomo 6. 300 $a[4], 208 p. 500 $aSegn. : [pigreco]2 A-N8. 773 0 $aRoberti, Giovanni Battista <1719-1786>$tOpere dell'abate Giambatista co. Roberti. Coll'aggiunta degli opuscoli postumi dello stesso autore, colle notizie intorno alla sua vita, e con un saggio delle sue lettere familiari. Tomo 1. [-15.].$bSeconda edizione veneta.$dBassano : a spese Remondini di Venezia, 1797.$g6$w()24277 850 $aSeMil 852 $aSeMil$W1$xVenegono$y1$m1O II 14 FA$j155283$B155283$CSeMilBibl$Z2$F166292 $8I 996 $6245$aTomo 6$9(OLS)http://semarc/title/194410